Southern States of the U.S. - Statistics

General Stats
  • This quiz has been taken 28 times
  • The average score is 15 of 17
Answer Stats
Answer % Correct
Florida
95%
Tennessee
95%
Texas
95%
Alabama
90%
Arkansas
90%
Georgia
90%
Kentucky
90%
Louisiana
90%
Mississippi
90%
North Carolina
90%
Oklahoma
90%
South Carolina
90%
Virginia
85%
West Virginia
80%
Maryland
75%
Delaware
70%
Washington D.C.
70%
No matching quizzes found
Score Distribution
Percent of People with Each Score
Percentile by Number Answered
Your Score History
You have not taken this quiz